| 000 | 00709nam a2200229 a 4500 | ||
|---|---|---|---|
| 001 | BRL_1222 | ||
| 005 | 20190320211106.0 | ||
| 008 | 021213s1970----mx-ao#####---#000-0#spa-# | ||
| 041 | _aspa | ||
| 044 | _amx | ||
| 050 | 4 |
_aF1219.3.A7 _b.M87 1970 |
|
| 110 | 2 |
_aAnahuacalli (Museo) _926164 |
|
| 245 | 1 | 0 | _aMuseo Diego Rivera - Anahuacalli |
| 260 |
_aMéxico _b[Comite Organizador de los Juegos de la xix 0limpiada] _c1970 |
||
| 300 |
_a108 p. _bil. (algunas a color) _c22 cm. |
||
| 500 | _aAu1426 | ||
| 600 | 1 | 4 |
_aRivera, Diego _d1886-1957 _91330 |
| 610 | 2 | 4 |
_aAnahuacalli (Museo) _926164 |
| 710 | 2 |
_aComite Organizador de los Juegos de la XIX Olimpiada (México) _926165 |
|
| 902 | _aGRL | ||
| 942 |
_2lcc _cB |
||
| 999 |
_c10034 _d10034 |
||